مكتبة جامعة عجلون الوطنية

فهرس بحث المكتبة

Normal view MARC view
  • ادارة الجودة الشاملة - المواصفات القياسية

Entry Topical Term

Number of records used in: 1

001 - CONTROL NUMBER

  • control field: 27736

003 - CONTROL NUMBER IDENTIFIER

  • control field: JO-AjAnu

005 - DATE AND TIME OF LATEST TRANSACTION

  • control field: 20230606074716.0

008 - FIXED-LENGTH DATA ELEMENTS

  • fixed length control field: 230606|| aca||aabn | a|a d

040 ## - CATALOGING SOURCE

  • Original cataloging agency: JO-AjAnu
  • Transcribing agency: JO-AjAnu

150 ## - HEADING--TOPICAL TERM

  • Topical term or geographic name entry element: ادارة الجودة الشاملة - المواصفات القياسية

670 ## - SOURCE DATA FOUND

  • Source citation: Work cat.: (JO-AjAnu)14242: تأليف: الطائي، حميد عبد النبي /م.مشارك: رضا صاحب آل علي، سنان كاظم الموسوي, author 27735, ادارة الجودة الشاملة TQM والايزو ISO